| 000 | 00882nas a2200277 4500 | ||
|---|---|---|---|
| 001 | BR8806314 | ||
| 003 | BR-BrBNA | ||
| 005 | 20231205091329.0 | ||
| 007 | ta | ||
| 008 | 230509b bl.|||p| |||| 00| 00por d | ||
| 040 |
_aBR-BrBNA _bpor _cBiblioteca Nacional de Agricultura |
||
| 041 | _a(Pt) | ||
| 072 | _aH10 | ||
| 100 | 1 | _aReis, L.L. | |
| 100 | 1 | _aOliveira, L.J. | |
| 100 | 1 | _aCruz, I. | |
| 245 | 1 | _aBiologia e potencial de Doru luteipes no controle de Spodoptera frugiperda | |
| 246 | 1 | _aBiology and potential of Doru luteipes for the control of Spodoptera frugiperda | |
| 650 | _aLAGARTA | ||
| 650 | _aCONTROLE BIOLOGICO | ||
| 650 | _aCONTROLE QUIMICO | ||
| 650 | _aPREDADOR | ||
| 773 | 0 |
_tPesquisa Agropecuaria Brasileira (Brazil) _xISSN 0100-204X _g(Apr 1988), v. 23(4) p. 333-342 _wBR8806314 |
|
| 909 |
_a202311 _bLúcia _c55 _dLúcia Elande |
||
| 942 |
_2AGRIS _n0 _cANA |
||
| 999 |
_c124391 _d124391 |
||